000 00778nam a2200253 a 4500
008
020 _a013091360X (pbk. )
049 _aMAIN
090 _aHF5415.32 SOL
100 1 _aSolomon, Michael R.
245 1 0 _aConsumer behavior :
_bbuying, having and being /
_cMichael R. Solomon.
250 _a5th ed.
260 _aUpper Sadle River :
_bPrentice Hall ,
_c2001.
300 _axvii, 549 p. :
_bcol. ill. ;
_c26 cm.
500 _aIncludes index.
504 _a Includes bibliographical references.
650 1 _aConsumer behaviour.
650 _aMotivational research (Marketing).
907 _a.b10239571
_b26-11-07
_c20-04-07
003
005 20230123134445.0
040 _cNUST
942 _cBOOKS
_kHF5415.32 SOL
999 _c166245
_d166245